الوجيز في الفقه الجنائي الإسلامي / (رقم التسجيلة. 2547)

تفاصيل مارك
000 -الفاتح
عناصر البيانات ثابتة الطول 00650cam a2200193 i 4500
005 - تاريخ ووقت آخر معاملة
حقل ضبط 20251215121523.0
008 - عناصر البيانات ثابتة الطول
عناصر البيانات ثابتة الطول 250721s1983 jo gr 000 0 ara d
082 14 - رقم تصنيف ديوي العشري
رقم التصنيف 216,8
رقم المادة ي ا س
100 1# - مدخل رئيسي – اسم شخصي
الاسم الشخصي ياسين، محمد نعيم
علاقة الشخص بالعمل/ دوره مؤلف.
245 12 - بيان العنوان
العنوان الوجيز في الفقه الجنائي الإسلامي /
بيان المسؤولية تأليف الدكتور محمد نعيم ياسين.
250 ## - بيان الطبعة
بيان الطبعة الطبعة الأولى.
264 31 - بيانات النشر، التوزيع…إلخ
مكان النشر، التوزيع...إلخ عمان :
اسم الناشر، الموزع...إلخ دار الفرقان،
تاريخ النشر، التوزيع...إلخ 1983.
300 ## - الوصف المادي
عدد الوحدات المكونة للوعاء 166 صفحة.
650 17 - مدخل إضافي بالموضوع - مصطلح موضوعي
مصطلح موضوعي أو اسم جغرافي كعنصر مدخل الإسلام.
650 17 - مدخل إضافي بالموضوع - مصطلح موضوعي
مصطلح موضوعي أو اسم جغرافي كعنصر مدخل الفقه.
650 17 - مدخل إضافي بالموضوع - مصطلح موضوعي
مصطلح موضوعي أو اسم جغرافي كعنصر مدخل العقوبات.
942 ## - بيانات إضافية (كوها)
نوع التنصيف Dewey Decimal Classification
نوع المادة (كوها) كتب
المقتنيات
حالة السحب حالة الفقدان مصدر التصنيف حالة التلف غير قابل للإعارة المكتبة الرئيسية المكتبة الحالية موقع الرف تاريخ التزويد الرقم المتسلسل Total Checkouts رقم الإستدعاء تاريخ آخر ظهور تاريخ الفاتورة نوع المادة (كوها) الباركود العملة
    Dewey Decimal Classification     المكتبة المركزية المكتبة المركزية   15/12/2025 92656   216,8 ي ا س 15/12/2025 15/12/2025 كتب PLD92656 JOD
    Dewey Decimal Classification Unchecked   مكتبة الأميرة ايمان العامة مكتبة الأميرة ايمان العامة الإعارة 06/07/2004 2090   216,8/ياس 28/07/2025 06/07/2004 كتب    
    Dewey Decimal Classification     مكتبة النصر العامة مكتبة النصر العامة الإعارة 05/11/2014 [6492   216,8/ياس 28/07/2025 05/11/2014 كتب PLD00309442  
Implemented & Customized by: BBB with SCIT (Smart Chains for Information Technology)

Powered by Koha